Extremist politics: an Arizona recall election /

Bibliographic Details
Main Author: Rice, Ross R. (Ross Richard), 1922-
Format: Book
Language:English
Published: [New York] : [McGraw-Hill], [1964]
Series:Eagleton Institute cases in practical politics ; case 33.
Subjects:

MARC

Tag First Indicator Second Indicator Subfields
LEADER 00000cam a2200000I 4500
001 in00002104713
005 20151103051037.0
008 750610s1964 nyu 000 0 eng d
035 |a (OCoLC)ocm01382488 
040 |a OUN  |c OUN  |d OCLCQ  |d TXA  |d UtOrBLW 
043 |a n-us-az 
049 |a TXAM 
090 |a JS344.R6  |b T35 1964 
100 1 |a Rice, Ross R.  |q (Ross Richard),  |d 1922- 
245 1 0 |a Extremist politics: an Arizona recall election /  |c Ross R. Rice. 
264 1 |a [New York] :  |b [McGraw-Hill],  |c [1964] 
300 |a 32 pages ;  |c 23 cm. 
336 |a text  |b txt  |2 rdacontent 
337 |a unmediated  |b n  |2 rdamedia 
338 |a volume  |b nc  |2 rdacarrier 
490 1 |a Eagleton Institute cases in practical politics ;  |v case 33 
650 0 |a Recall  |z Arizona  |z Tempe. 
651 0 |a Tempe (Ariz.)  |x Politics and government. 
830 0 |a Eagleton Institute cases in practical politics ;  |v case 33. 
994 |a C0  |b TXA 
948 |a cataloged  |b h  |c 2006/2/23  |d c  |e blrosas  |f 1:55:55 pm 
999 |a MARS 
999 f f |s e2ebe772-1c2e-3a3e-b225-2848cf209d4f  |i b567de04-8202-3758-99e4-fd47e394f5b4  |t 0 
952 f f |p ric  |a Texas A&M University  |b Rellis Campus  |c Joint Library Facility  |d Remote Storage  |t 0  |e JS344.R6 T35 1964  |h Library of Congress classification  |i unmediated -- volume  |m A14833523432 
998 f f |a JS344.R6 T35 1964  |t 0  |l Remote Storage